Central Library OPAC University of Rajshahi

Rudiments of algebraic geometry / (Record no. 69583)

MARC details
000 -LEADER
fixed length control field 00751nam a2200241 a 4500
001 - CONTROL NUMBER
control field 69583
003 - CONTROL NUMBER IDENTIFIER
rucl marc code BD-RjUL
005 - DATE AND TIME OF LATEST TRANSACTION
control field 20211209081914.0
008 - FIXED-LENGTH DATA ELEMENTS--GENERAL INFORMATION
fixed length control field 170412s1963 nyua 001 0 eng d
035 ## - SYSTEM CONTROL NUMBER
System control number (BD-RjUL)69795
040 ## - CATALOGING SOURCE
Original cataloging agency BD-RjUL
Language of cataloging eng
Transcribing agency BD-RjUL
Modifying agency BD-RjUL
041 ## - LANGUAGE CODE
Language code of text/sound track or separate title eng
082 ## - DEWEY DECIMAL CLASSIFICATION NUMBER
Edition number 23
Classification number 516
Author mark and year JER 1963
100 1# - MAIN ENTRY--PERSONAL NAME
Personal name Jenner, William Elliott,
Dates associated with a name 1924-
9 (RLIN) 206104
245 10 - TITLE STATEMENT
Title Rudiments of algebraic geometry /
Statement of responsibility, etc. W.E. Jenner
260 ## - PUBLICATION, DISTRIBUTION, ETC. (IMPRINT)
Place of publication, distribution, etc. New York :
Name of publisher, distributor, etc. Oxford University Press,
Date of publication, distribution, etc. 1963
300 ## - PHYSICAL DESCRIPTION
Pagination 104 p. :
Illustrations ill. ;
Size 21 cm
490 ## - SERIES STATEMENT
Series statement University texts in the mathematical sciences
650 #0 - SUBJECT ADDED ENTRY--TOPICAL TERM
Topical term or geographic name as entry element Geometry,
9 (RLIN) 206105
Topical term or geographic name as entry element Algebraic.
9 (RLIN) 206106
830 #0 - SERIES ADDED ENTRY--UNIFORM TITLE
Uniform title University texts in the mathematical sciences
942 ## - ADDED ENTRY ELEMENTS (KOHA)
Source of classification or shelving scheme Dewey Decimal Classification
Koha item type Books
Holdings
Lost status Source of classification or shelving scheme Damaged status Not for loan Collection code Permanent Location Current Location Shelving location Date acquired Source of acquisition Cost, normal purchase price Total Checkouts Full call number Date last seen Copy number Koha item type
  Dewey Decimal Classification   Not For Loan Non-fiction Central Library, University of Rajshahi Central Library, University of Rajshahi Reading Room 18/05/1964 Zeithinger 24.00   516 JER 1963 12/04/2017 C-1 Books